Low Down - Lil Baby (Full lyrics) - Statistics

General Stats
  • This quiz has been taken 3 times
  • The average score is 332 of 634
Answer Stats
Lyrics % Correct
a
100%
an
100%
community
100%
Go
100%
go,
100%
I
100%
I'm
100%
in
100%
in,
100%
Jewish
100%
lunch
100%
tell
100%
that
100%
that,
100%
the
100%
to
100%
ain't
67%
All
67%
all
67%
and
67%
And
67%
baby,
67%
bitch
67%
bring
67%
bros
67%
can
67%
do
67%
Don't
67%
don't
67%
don't,
67%
Dora
67%
down
67%
'em,
67%
'em
67%
Explorer
67%
fifty,
67%
five
67%
galore
67%
get
67%
going
67%
gon'
67%
got
67%
Got
67%
hang
67%
He
67%
head
67%
ho
67%
hoes
67%
immunity
67%
life
67%
like
67%
low
67%
me
67%
me,
67%
million
67%
movie,
67%
My
67%
my
67%
no
67%
no,
67%
No
67%
of
67%
on
67%
one
67%
only
67%
out
67%
Playin'
67%
profile
67%
purpose
67%
put
67%
'round
67%
ruin
67%
savages,
67%
She
67%
she
67%
shit
67%
shit,
67%
Shit
67%
splurgin'
67%
switch
67%
Switch
67%
switchin'
67%
them
67%
they
67%
They
67%
This
67%
this,
67%
this
67%
turnt,
67%
victim,
67%
water
67%
when
67%
with
67%
you
67%
You
67%
young
67%
your
67%
at
33%
be
33%
bitches
33%
bitches,
33%
bougie,
33%
by
33%
call
33%
cars
33%
case
33%
cash
33%
come
33%
day
33%
delivered
33%
dentists
33%
different
33%
doctors
33%
drip
33%
driver
33%
emergency
33%
every
33%
flagrant
33%
floor
33%
follow
33%
from
33%
gettin'
33%
getting
33%
gotta
33%
group
33%
happened
33%
her
33%
him
33%
hit
33%
how
33%
It
33%
it
33%
just
33%
keep
33%
know
33%
lazy
33%
leave
33%
living
33%
make
33%
Make
33%
miles
33%
more
33%
much,
33%
named
33%
nigga,
33%
nobody
33%
now
33%
nurses
33%
outdo
33%
plug,
33%
point,
33%
popular,
33%
pour
33%
Run
33%
school,
33%
shot
33%
sick
33%
Solid
33%
some
33%
stop
33%
strippers,
33%
sure
33%
swipe
33%
then
33%
these
33%
through
33%
tired
33%
truck
33%
tryna
33%
two-
33%
up
33%
up,
33%
us
33%
We
33%
we
33%
whip
33%
work,
33%
wouldn't
33%
yeah
33%
account
0%
away,
0%
back
0%
bank
0%
Been
0%
bought
0%
business,
0%
change
0%
choppers
0%
city
0%
cost
0%
coupe
0%
crew,
0%
Cullinan
0%
done
0%
eight
0%
face
0%
facials,
0%
famous
0%
finished,
0%
forget
0%
fouls
0%
fragrance
0%
froze
0%
fuck,
0%
full
0%
give
0%
Glock
0%
gold
0%
had
0%
heard
0%
hell
0%
hell,
0%
high,
0%
house,
0%
if
0%
I'ma
0%
is
0%
keepin',
0%
kill,
0%
Knowin'
0%
line,
0%
listen
0%
load,
0%
millions
0%
money
0%
morals
0%
move,
0%
need
0%
niggas
0%
Niggas
0%
octopus
0%
off
0%
orders
0%
outrageous
0%
players,
0%
plural,
0%
poppin'
0%
pounds
0%
prices
0%
purgin'
0%
Putting
0%
raised
0%
raisin'
0%
route
0%
send
0%
sending
0%
serious,
0%
shots
0%
smellin'
0%
started,
0%
Still
0%
stopping
0%
sweet
0%
Team
0%
think
0%
thinking
0%
told
0%
too
0%
tripping
0%
turned
0%
verses
0%
was
0%
way
0%
ways
0%
which
0%
word
0%
workin'?
0%
working
0%
No matching quizzes found
Score Distribution
Percent of People with Each Score
Percentile by Number Answered
Your Score History
You have not taken this quiz